A cseh-szlovákok történelmük értelme /
Elmentve itt :
| Szerző: | |
|---|---|
| További közreműködők: | |
| Dokumentumtípus: | Könyv része |
| Megjelent: |
1995
|
| Sorozat: | Documenta Historica
Zúzzátok szét Ausztria-Magyarországot : a cseh-szlovákok áldozatának történelmi bemutatása |
| Kulcsszavak: | Nemzeti mozgalom - cseh - 1914-1918, Csehszlovákia története, Világháború - 1. - Csehország - forrás |
| Tárgyszavak: | |
| Online Access: | http://acta.bibl.u-szeged.hu/10829 |
| LEADER | 00907naa a2200229 i 4500 | ||
|---|---|---|---|
| 001 | acta10829 | ||
| 005 | 20211214153113.0 | ||
| 008 | 161015s1995 hu o 0|| hun d | ||
| 022 | |a 1216-0954 | ||
| 040 | |a SZTE Egyetemi Kiadványok Repozitórium |b hun | ||
| 041 | |a hun | ||
| 100 | 1 | |a Beneš Edvard | |
| 245 | 1 | 2 | |a A cseh-szlovákok |h [elektronikus dokumentum] : |b történelmük értelme / |c Beneš Edvard |
| 260 | |c 1995 | ||
| 300 | |a 7-8 | ||
| 490 | 0 | |a Documenta Historica | |
| 490 | 0 | |a Zúzzátok szét Ausztria-Magyarországot : a cseh-szlovákok áldozatának történelmi bemutatása | |
| 650 | 4 | |a Bölcsészettudományok | |
| 650 | 4 | |a Történettudomány és régészet | |
| 695 | |a Nemzeti mozgalom - cseh - 1914-1918, Csehszlovákia története, Világháború - 1. - Csehország - forrás | ||
| 700 | 0 | 1 | |a Nagy Andrea |
| 856 | 4 | 0 | |u http://acta.bibl.u-szeged.hu/10829/1/doc_023_007-008.pdf |z Dokumentum-elérés |